21 icons of Korean culture / (Record no. 27109)

MARC details
000 -LEADER
campo de control de longitud fija 00790cam a2200277 a 4500
001 - NÚMERO DE CONTROL
campo de control 116129
005 - FECHA Y HORA DE LA ÚLTIMA TRANSACCIÓN
campo de control 20230410103843.0
008 - DATOS DE LONGITUD FIJA--INFORMACIÓN GENERAL
campo de control de longitud fija 100407s2009 ko a 000 0 eng
035 ## - NÚMERO DE CONTROL DEL SISTEMA
Número de control de sistema 16176043
010 ## - NÚMERO DE CONTROL DE LA BIBLIOTECA DEL CONGRESO
Número de control de LC 2010400225
020 ## - NÚMERO INTERNACIONAL ESTÁNDAR DEL LIBRO
Número Internacional Estándar del Libro 9788949906744
040 ## - FUENTE DE CATALOGACIÓN
Centro catalogador/agencia de origen DLC
Centro/agencia transcriptor DLC
042 ## - CÓDIGO DE AUTENTICACIÓN
Código de autenticación pcc
043 ## - CÓDIGO DE ÁREA GEOGRÁFICA
Código de área geográfica a-kr---
050 14 - SIGNATURA TOPOGRÁFICA DE LA BIBLIOTECA DEL CONGRESO
Número de clasificación 409 DS 904
Número de ítem V427 2009
245 00 - MENCIÓN DEL TÍTULO
Título 21 icons of Korean culture /
Mención de responsabilidad, etc. The Academy of Korean Studies.
246 3# - FORMA VARIANTE DEL TITULO
Título propio/Titulo breve Twenty-one icons of Korean culture
260 ## - PUBLICACIÓN, DISTRIBUCIÓN, ETC.
Lugar de publicación, distribución, etc. Seoul, Korea :
Nombre del editor, distribuidor, etc. Kyung-in Publishing Co.,
Fecha de publicación, distribución, etc. 2009.
300 ## - DESCRIPCIÓN FÍSICA
Extensión 309 p. :
Otras características físicas ill. ;
Dimensiones 23 cm.
650 #0 - PUNTO DE ACCESO ADICIONAL DE MATERIA--TÉRMINO DE MATERIA
Término de materia o nombre geográfico como elemento de entrada Korea
Subdivisión general Civilization.
650 #4 - PUNTO DE ACCESO ADICIONAL DE MATERIA--TÉRMINO DE MATERIA
Término de materia o nombre geográfico como elemento de entrada Corea
Subdivisión general Civilización.
710 2# - ENTRADA AGREGADA--NOMBRE DE ENTIDAD CORPORATIVA
Nombre de entidad corporativa o nombre de jurisdicción como elemento de entrada Han'gukhak Chungang Yæon'guwæon.
923 ## -
-- 20100113
-- 100113
-- Eulyoo
942 ## - ELEMENTOS DE ENTRADA SECUNDARIOS (KOHA)
Fuente del sistema de clasificación o colocación Clasificación de Library of Congress
Tipo de ítem Koha
946 ## - PROCESAMIENTO DE INFORMACIÓN LOCAL (OCLC)
a PP
Holdings
Estatus retirado Estado de pérdida Fuente del sistema de clasificación o colocación Estado de daño No para préstamo Colección Biblioteca de origen Biblioteca actual Ubicación en estantería Fecha de adquisición Serial enumeration / chronology Signatura topográfica completa Código de barras Visto por última vez Copia número Tipo de ítem Koha
    Clasificación de Library of Congress     Recursos Regionales Biblioteca Juan Bosch Biblioteca Juan Bosch Recursos Regionales (2do. Piso) 10/04/2023 1 409 DS 904 V427 2009 00000109677 23/10/2018 1